| 000 | 00788nam a2200229 a 4500 | ||
|---|---|---|---|
| 001 | 000013820 | ||
| 005 | 20200929163348.0 | ||
| 008 | 091130s2001 xxuab 001 0 spa d | ||
| 020 | _a1567188265 | ||
| 040 |
_aDO-SdBNP _bspa _cBNPHU |
||
| 082 |
_axxxx _bW439c |
||
| 100 | 1 |
_aWelch, R. W. _931312 |
|
| 245 | 1 | 3 |
_aEl cometa de Nostradamus : _bagosto 2004 !impacto! / _cR. W. Welch ; traductor Héctor Ramírez, Edgar Rojas. |
| 260 |
_aEstados Unidos, : _bLlewellyn, _c2001. |
||
| 300 |
_axv, 270 P. : _bil., map. ; _c23 cm. |
||
| 500 | _aIncluye índice | ||
| 500 | _aIncluye referencias bibliográficas y notas al pie de las páginas | ||
| 504 | _aIncluye bibliografía (p. 257-258) | ||
| 700 | 1 |
_aRamírez, Héctor _etr. _931313 |
|
| 700 | 1 |
_aRojas, Edgar _etr. _931314 |
|
| 049 | _aBNPD | ||
| 999 |
_c13432 _d13432 |
||